أساسيات في علم الفلك و التقاويم / (رقم التسجيلة. 34826)
[ عرض عادي ]
| 000 -LEADER | |
|---|---|
| fixed length control field | 00508nam a22001817a 4500 |
| 005 - DATE AND TIME OF LATEST TRANSACTION | |
| control field | 20251108165922.0 |
| 008 - FIXED-LENGTH DATA ELEMENTS--GENERAL INFORMATION | |
| fixed length control field | 250721s2001 xx 000 0 ara d |
| 082 14 - DEWEY DECIMAL CLASSIFICATION NUMBER | |
| Classification number | 520.1/طائ |
| 100 1# - MAIN ENTRY--PERSONAL NAME | |
| Personal name | الطائي، محمد باسل |
| 245 10 - TITLE STATEMENT | |
| Title | أساسيات في علم الفلك و التقاويم / |
| 264 1# - PRODUCTION, PUBLICATION, DISTRIBUTION, MANUFACTURE, AND COPYRIGHT NOTICE | |
| Place of production, publication, distribution, manufacture | اربد : |
| Name of producer, publisher, distributor, manufacturer | المؤلف، |
| Date of production, publication, distribution, manufacture, or copyright notice | 2001. |
| 300 ## - PHYSICAL DESCRIPTION | |
| Extent | 306ص |
| 650 17 - SUBJECT ADDED ENTRY--TOPICAL TERM | |
| Topical term or geographic name as entry element | علم الفلك |
| 650 17 - SUBJECT ADDED ENTRY--TOPICAL TERM | |
| Topical term or geographic name as entry element | التوقيت |
| 650 17 - SUBJECT ADDED ENTRY--TOPICAL TERM | |
| Topical term or geographic name as entry element | التقاويم |
| 942 ## - ADDED ENTRY ELEMENTS (KOHA) | |
| Source of classification or shelving scheme | Dewey Decimal Classification |
| Koha item type | كتب |
| حالة السحب | حالة الفقدان | مصدر التصنيف | حالة التلف | غير قابل للإعارة | المكتبة الرئيسية | المكتبة الحالية | موقع الرف | تاريخ التزويد | الرقم المتسلسل | Total Checkouts | رقم الإستدعاء | الباركود | تاريخ آخر ظهور | تاريخ الفاتورة | نوع المادة (كوها) |
|---|---|---|---|---|---|---|---|---|---|---|---|---|---|---|---|
| Dewey Decimal Classification | المكتبة المركزية | المكتبة المركزية | الإعارة | 06/07/2004 | 469167 | 520.1/طائ | 469167 | 28/07/2025 | 06/07/2004 | كتب | |||||
| Dewey Decimal Classification | مكتبة أم قصير والمقابلين العامة | مكتبة أم قصير والمقابلين العامة | الإعارة | 02/08/2014 | 469187 | 520.1/طائ | PLD00338075 | 28/07/2025 | 02/08/2014 | كتب | |||||
| Dewey Decimal Classification | مكتبة الأميرة ايمان العامة | مكتبة الأميرة ايمان العامة | الإعارة | 06/10/2013 | 469179 | 520.1/طائ | PLD00282314 | 28/07/2025 | 06/10/2013 | كتب | |||||
| Dewey Decimal Classification | مكتبة الأميرة سلمى | مكتبة الأميرة سلمى | الإعارة | 03/10/2015 | 1465432 | 520.1/طائ | PLD00350977 | 28/07/2025 | 03/10/2015 | كتب | |||||
| Dewey Decimal Classification | مكتبة الحسن العامة | مكتبة الحسن العامة | الإعارة | 26/03/2019 | 469184 | 520.1/طائ | PLD00447634 | 28/07/2025 | 26/03/2019 | كتب | |||||
| Dewey Decimal Classification | مكتبة حمزة العامة | مكتبة حمزة العامة | الإعارة | 19/05/2015 | 469185 | 520.1/طائ | PLD00325140 | 28/07/2025 | 19/05/2015 | كتب | |||||
| Dewey Decimal Classification | مكتبة صويلح العامة | مكتبة صويلح العامة | الإعارة | 20/05/2019 | 469180 | 520.1/طائ | PLD00453174 | 28/07/2025 | 20/05/2019 | كتب |